Kazakhstan General Knowledge - Statistics

General Stats
  • This quiz has been taken 20 times
  • The average score is 8 of 18
Answer Stats
Hint Answer % Correct
year of independence 1991
83%
how many times has the name of the capital city been changed? 4
83%
number of countries bordering Kazakhstan? 5
83%
most popular religion? Islam
78%
Kazakhstan's most well-known bank? kaspi
67%
which sea is a actually a lake? Caspian sea
61%
third-largest city by population? Shymkent
56%
which element from the periodic table of chemical elements is the most abundant in Kazakhstan? Uranium
56%
what is "Beshbarmak" eaten with? fingers
50%
how many administrative districts are there in the country? 17
44%
president as of today? Kassym-Jomart Tokayev
39%
which canyon is in the Jetysu District? Charyn Canyon
33%
when was the Kazakh Khanate created? 1465
22%
What is the entity responsible for running Kazakhstan's film industry? Kazakhfilm
22%
highest point of the republic? Khan Tengri
17%
when was the biggest earthquake near Almaty? 1911
11%
Abai's real name? Ibrahim
11%
To finish, type the name of the national sport. kokbar
6%
No matching quizzes found
Score Distribution
Percent of People with Each Score
Percentile by Number Answered
Your Score History
You have not taken this quiz